| 000 | 02345cam a22004934i 4500 | ||
|---|---|---|---|
| 003 | PE-LiUPU | ||
| 005 | 20250731172856.0 | ||
| 008 | 161005s2005 ag a r 000 0 spa d | ||
| 020 | _a9875671746 | ||
| 035 | _a(Sirsi) a163983 | ||
| 049 | _aPRUA | ||
| 082 | 0 | 4 |
_a291.4 _bW19 |
| 082 | 0 | 4 |
_a291.4 _bW17 2006 |
| 100 | 1 |
_aWallenkampf, Arnold, _eautor. |
|
| 245 |
_aRenovados por el Espíritu / _cArnold Wallenkampf. |
||
| 264 |
_aArgentina : _bACES, _c2005. |
||
| 300 |
_a167 páginas ; _20 centímetros. |
||
| 336 |
_text _2rdacontent |
||
| 337 |
_unmediated _2rdamedia |
||
| 338 |
_volume _2rdacarrier |
||
| 505 | 0 | _aPersona y deidad del Espíritu Santo -- Los símbolos del Espíritu Santo -- Jesús y del Espíritu Santo -- La promesa del Espíritu Santo -- El penteconstés histórico -- Bautizados y colmados del Espíritu -- Las manifestaciones del Espíritu -- La conducción del Espíritu Santo -- Vida a travez del Espíritu Santo. | |
| 526 | _aSEG42 | ||
| 526 | _aSEG41 | ||
| 526 | _aSEG40 | ||
| 526 | _aSEG39 | ||
| 526 | _aP94 | ||
| 526 | _aP87 | ||
| 526 | _aP86 | ||
| 526 | _aP85 | ||
| 526 | _aP77 | ||
| 526 | _aP76 | ||
| 526 | _aP35 | ||
| 910 |
_tqv _d20171130 |
||
| 942 |
_2ddc _cBOOK |
||
| 949 |
_a291.4 W17 2006 _wDEWEY _c1 _iFJ09325 _lCCODEBUJ1 _mBUJ _p10.00 _r0 _sY _tBOOK _u2017-11-30 _xBIBLIOTECA _zUNKOWN _0COMPRA _o.STAFF. Colección General Juliaca |
||
| 949 |
_a291.4 W17 2006 _wDEWEY _c2 _iFJ09326 _lCCODEBUJ1 _mBUJ _p10.00 _r0 _sY _tBOOK _u2017-11-30 _xBIBLIOTECA _zUNKOWN _0COMPRA _o.STAFF. Colección General Juliaca |
||
| 994 |
_aCO _bPEPRU |
||
| 596 | _a1 3 | ||
| 999 |
_a291.4 W19 _wDEWEY _c12839 _i74861 _d12839 _e2016-11-7 _f2021-11-11 _g5 _lCCODEBUL1 _mBUL _n1 _p10.00 _r0 _sY _tBOOK _u2016-10-5 _xTEOLOGIA _PP35 _0COMPRA _o.STAFF. Colección Teología |
||
| 999 |
_a291.4 W17 2006 _wDEWEY _c1 _iFJ09325 _d2019-4-10 _e2018-9-25 _f2022-2-4 _g3 _lCCODEBUJ1 _mBUJ _n1 _p10.00 _q2 _r0 _sY _tBOOK _u2017-11-30 _xBIBLIOTECA _zUNKNOWN _0COMPRA _o.STAFF. Colección Generaj Juliaca |
||
| 999 |
_a291.4 W17 2006 _wDEWEY _c2 _iFJ09326 _d2018-10-2 _e2018-10-1 _f2018-12-20 _g2 _lCCODEBUJ1 _mBUJ _n1 _p10.00 _q1 _r0 _sY _tBOOK _u2017-11-30 _xBIBLIOTECA _zUNKNOWN _0COMPRA _o.STAFF. Colección Generaj Juliaca |
||
| 980 |
_81 _gALBERTO SANCHEZ Responsable de Automatización |
||